Statistics for Cities most visited by James Bond

Click here to take the quiz!

General Stats

  • This quiz has been taken 177 times
  • The average score is 8 of 13

Answer Stats

FilmsAnswer% Correct
Most filmsLondon
99%
Thunderball, A View to a KillParis
87%
You Only Live Twice, Diamonds Are ForeverTokyo
79%
The Spy Who Loved Me, Moonraker, For Your Eyes Only, OctopussyMoscow
76%
From Russia with Love, The World Is Not Enough, SkyfallIstanbul
75%
You Only Live Twice, The Man With the Golden Gun, Die Another DayHong Kong
67%
Diamonds Are Forever, The Spy Who Loved MeCairo
62%
From Russia with Love, Moonraker, Casino RoyaleVenice
62%
Goldfinger, Thunderball, Casino RoyaleMiami
53%
Octopussy, GoldenEyeSaint Petersburg
48%
The Man With the Golden Gun, SkyfallMacau
42%
Thunderball, Casino RoyaleNassau
38%
The Living Daylights, SpectreTangier
20%

Score Distribution

Percentile by Number Answered

Percent of People with Each Score

Your Score History

You have not taken this quiz